Guess the Europe country in picture - Statistics

General Stats
  • This quiz has been taken 84 times
  • The average score is 12 of 20
Answer Stats
Picture Answer % Correct
France
100%
United Kingdom
100%
Italy
95%
Russia
86%
Greece
75%
Germany
67%
Netherlands
67%
Switzerland
63%
Spain
62%
Denmark
57%
Finland
56%
Belgium
51%
Ireland
48%
Poland
44%
Portugal
43%
Croatia
41%
Sweden
41%
Austria
40%
Ukraine
40%
Norway
35%
No matching quizzes found
Score Distribution
Percent of People with Each Score
Percentile by Number Answered
Your Score History
You have not taken this quiz